<?xml version="1.0" encoding="UTF-8"?>
<marc:record xmlns:marc="http://www.loc.gov/MARC21/slim">
   <marc:leader>00000nam a2200000 a 4500</marc:leader>
   <marc:datafield ind1=" " ind2=" " tag="653">
      <marc:subfield code="a">Abenteuer</marc:subfield>
   </marc:datafield>
   <marc:datafield ind1=" " ind2=" " tag="653">
      <marc:subfield code="a">Science-Fiction</marc:subfield>
   </marc:datafield>
   <marc:datafield ind1=" " ind2=" " tag="653">
      <marc:subfield code="a">Kassette / Kinder- und Jugendbücher/Jugendbücher ab 12 Jahre</marc:subfield>
   </marc:datafield>
   <marc:datafield ind1=" " ind2=" " tag="653">
      <marc:subfield code="a">CD</marc:subfield>
   </marc:datafield>
   <marc:datafield ind1="0" ind2="0" tag="245">
      <marc:subfield code="a">Star wars - Erben des Imperiums</marc:subfield>
   </marc:datafield>
   <marc:datafield ind1="0" ind2="0" tag="245">
      <marc:subfield code="c">von Oliver Döring. Nach Timothy Zahn.  Musik von John Williams. Luke Skywalker: Hans-Georg Panczak ; Han Solo: Wolfgang Pampel ; Leia Organa Solo: Susanna Bonasewicz ... Buch, Schnitt und Regie: Oliver Döring</marc:subfield>
   </marc:datafield>
   <marc:datafield ind1=" " ind2="1" tag="264">
      <marc:subfield code="a">Hamburg</marc:subfield>
      <marc:subfield code="b">Oetinger</marc:subfield>
      <marc:subfield code="c">2012</marc:subfield>
   </marc:datafield>
   <marc:datafield ind1="1" ind2=" " tag="520">
      <marc:subfield code="a">Angaben aus der Verlagsmeldung

Star Wars Erben des Imperiums (CD) Teil 1: Der Wächter des Mount Tantiss : Hörspiel, 61 min. / von Timothy Zahn

Fünf Jahre nach der Vernichtung des zweiten Todessterns: Luke Skywalker, Han Solo und Leia Organa Solo kämpfen um den inneren Zusammenhalt der Neuen Republik. Doch auch die Imperiale Flotte hat sich neu formiert und holt zum letzten, alles vernichtenden Schlag aus. Ein Hörspiel mit den Synchronstimmen, den Originalsounds und der Originalmusik aus der Film-Trilogie.
</marc:subfield>
   </marc:datafield>
   <marc:datafield ind1=" " ind2=" " tag="020">
      <marc:subfield code="a">9783837308198</marc:subfield>
      <marc:subfield code="9">9783837308198</marc:subfield>
   </marc:datafield>
   <marc:datafield ind1=" " ind2=" " tag="020">
      <marc:subfield code="a">3837307077</marc:subfield>
      <marc:subfield code="9">3837307077</marc:subfield>
   </marc:datafield>
   <marc:datafield ind1=" " ind2=" " tag="041">
      <marc:subfield code="a">ger</marc:subfield>
   </marc:datafield>
   <marc:datafield ind1=" " ind2=" " tag="300">
      <marc:subfield code="a">1 CD (61 Min.)</marc:subfield>
   </marc:datafield>
</marc:record>
